=LDR 00000nam 2200000 4500 =001 INLIS000000000009733 =005 20130612101521 =008 ***********************************Ind** =035 ##$$0010-061300000009733 =041 ##$$a Ind =082 ##$$a 634.4 =090 ##$$a 634.4, Rak s =100 ##$$a Rukmana, Rahmat =245 ##$$a Sawo, Rukmana Rahmat =260 ##$$a 2001 $b Yogyakarta =300 ##$$a 51 hlm, ilus, 22 cm =650 ##$$a Sawo =850 ##$$a NBPNMAT